[Event "Chinese-ch Women 2020"]
[Site "Xinghua"]
[Date "2020.12.20"]
[Round "2.6"]
[White "Ni, Shiqun"]
[Black "Zhai, Mo"]
[Result "1-0"]
[WhiteElo "2389"]
[BlackElo "2366"]
[Annotator "TA"]
[PlyCount "63"]
[EventDate "2020.12.19"]
[EventType "tourn"]
[EventCountry "CHN"]
[SourceTitle "playchess.com"]
[Source "ChessBase"]
[SourceQuality "1"]

{[%evp 14,63,10,10,31,6,23,42,32,23,57,48,133,137,139,69,182,122,110,78,157,158,154,162,148,141,262,253,257,245,312,295,437,433,425,407,411,355,536,537,710,720,974,959,1178,760,757,743,786,771,741,705]} 1. d4 Nf6 2. Nf3 g6 3. g3 Bg7 4. Bg2 d5 5. O-O O-O 6. c3 c6 7. Nbd2 Nbd7 8. Re1 h6 {D02: 1 d4 d5 2 Nf3 sidelines, including 2...Nf6 3 g3 and 2...Nf6 3 Bf4.} 9. e4 Nxe4 10. Nxe4 dxe4 {White is slightly better.} 11. Rxe4 Nf6 12. Re1 Be6 {[#]} ({Black should play} 12... a5 $14) 13. Rxe6 $1 $16 fxe6 14. Qb3 {[#]} (14. Qc2 $16) 14... c5 $146 (14... Nd5 $14) ({Predecessor:} 14... Qc8 15. Bd2 Ne4 16. Re1 Rxf3 17. Rxe4 Rf6 18. Bh3 Kf7 19. Bg4 Qd7 20. Bf4 Qd5 {1-0 (28) Johnson,J (2185)-Khafra,E (1656) Port of Spain 2019}) 15. Qxe6+ ({Better is} 15. dxc5 $18 {aiming for Nd4.} Nd5 16. Nd4 (16. Qxb7 Qe8 $16) 16... Bxd4 17. cxd4) 15... Kh7 16. dxc5 Qd7 (16... Qd1+ $142 17. Qe1 Qxe1+ 18. Nxe1 Rab8) 17. Nd4 Rad8 18. Bf4 Nh5 19. Be3 $36 {[%mdl 2048] White is in control.} Bf6 (19... Bxd4 $16 20. Qxd7 Rxd7 21. Bxd4 (21. cxd4 e6 $16) 21... Ng7) 20. Qb3 $18 {Strongly threatening Ne6.} Bxd4 21. cxd4 Rb8 22. d5 Rfd8 (22... Ng7 $142 23. Re1 e5) 23. Re1 Rbc8 24. c6 bxc6 25. dxc6 Qf5 (25... Rxc6 $142 26. Bxc6 Qxc6 27. Bxa7 Rd7) 26. Bxa7 {White is clearly winning.} Qf6 27. Bc5 Rc7 28. Bb6 Rf8 29. Qe3 Rxc6 30. Bxc6 Qxc6 31. Qxe7+ {[%mdl 64] [#] Double Attack} Kg8 32. Bc5 {Accuracy: White = 74%, Black = 32%.} 1-0

[Event "Chinese-ch Women 2020"]
[Site "Xinghua"]
[Date "2020.12.21"]
[Round "3.1"]
[White "Zhai, Mo"]
[Black "Guo, Qi"]
[Result "1/2-1/2"]
[WhiteElo "2366"]
[BlackElo "2418"]
[Annotator "TA"]
[PlyCount "60"]
[EventDate "2020.12.19"]
[EventType "tourn"]
[EventCountry "CHN"]
[SourceTitle "playchess.com"]
[Source "ChessBase"]
[SourceQuality "1"]

{[%evp 13,60,4,18,15,26,18,44,12,10,7,25,16,47,28,31,4,1,-357,-16,0,-5,-8,0,0,0,0,0,0,0,0,0,0,27,23,31,25,33,10,35,20,35,35,35,29,16,0,37,0,27]} 1. c4 e6 2. Nc3 d5 3. d4 Be7 4. cxd5 exd5 5. Bf4 c6 6. e3 Bf5 7. Nge2 Nd7 8. h4 {D31: Queen's Gambit Declined: Semi-Slav without ...Nf6 (+ Marshall Gambit and Noteboom) and Exchange Variation lines without ...Nf6.} h5 9. Ng3 {[#]} Bg4 $146 ({Predecessor:} 9... Bg6 10. Be2 Ngf6 11. Bd3 Bxd3 12. Qxd3 g6 13. Nge2 Nf8 14. f3 Ne6 15. Be5 Bd6 {1-0 (63) Giri,A (2764)-Magalashvili,D (2456) chess.com INT 2020}) 10. Be2 {White is slightly better.} Bxe2 11. Qxe2 g6 12. e4 dxe4 13. Ngxe4 {d5 is the strong threat.} Ngf6 $1 14. Nd6+ Kf8 15. O-O-O $2 {[%mdl 8192] [#]} (15. Nxb7 $11 {and White has nothing to worry.} Qb6 16. Nc5) 15... Bxd6 $2 (15... Qb8 $1 $19 16. Be5 Bxd6) 16. Bxd6+ $11 Kg7 17. Rhe1 Qa5 18. Be5 Rhe8 19. f4 Rad8 20. Kb1 Nxe5 21. fxe5 Nd5 22. Ne4 f5 $1 {[%cal Rf5e4]} 23. Nc5 Qc7 24. Qf3 Qf7 25. g3 Re7 26. Re2 Kh7 27. a3 Kg8 28. Rf2 Kg7 29. Re2 Kg8 30. Rf2 Kg7 {Accuracy: White = 82%, Black = 79%.} 1/2-1/2

[Event "Chinese-ch Women 2020"]
[Site "Xinghua"]
[Date "2020.12.21"]
[Round "3.2"]
[White "Yuan, Ye"]
[Black "Ni, Shiqun"]
[Result "1/2-1/2"]
[WhiteElo "2081"]
[BlackElo "2389"]
[Annotator "TA"]
[PlyCount "61"]
[EventDate "2020.12.19"]
[EventType "tourn"]
[EventCountry "CHN"]
[SourceTitle "playchess.com"]
[Source "ChessBase"]
[SourceQuality "1"]

{[%evp 15,61,11,22,4,18,0,0,0,0,0,0,0,0,0,0,0,25,33,46,45,49,49,57,51,81,14,31,0,16,16,20,0,0,0,0,0,0,0,0,0,0,0,17,18,14,0,22,0]} 1. d4 {Polgar,Zsu} d5 2. c4 dxc4 3. e4 e5 4. Nf3 exd4 5. Bxc4 Bb4+ 6. Bd2 Bxd2+ 7. Nbxd2 Nc6 {7...Qf6 is vanishing.} 8. O-O Qf6 $1 {8...Qf6 is better than 8...Nf6.} 9. e5 {D20: Queen's Gambit Accepted: 3 e3 and 3 e4.} Qg6 10. Re1 Nge7 11. b4 {[%cal Bb2b4,Bb4b5][%mdl 32]} O-O 12. Qb3 a6 13. a4 Be6 14. Bxe6 fxe6 15. b5 {[#]} Nd8 $146 (15... Na5 $5 {[%cal Ra5b3]} 16. Qa3 (16. Qb4 Nd5 $17) 16... Nd5 $11) ({Predecessor:} 15... Na5 16. Qb4 Nd5 17. Qxd4 Nb3 18. Nxb3 Rxf3 19. Nc5 Nf4 20. g3 Nh3+ 21. Kh1 Rxf2 {0-1 (65) Epishin,V (2615)-Polgar,Z (2535) Brno 1991 CBM 026 [Polgar,Zsu]}) 16. Nxd4 Nd5 17. Qg3 Qxg3 18. hxg3 Kf7 19. Ne4 Ke7 20. f4 (20. Rac1 $16) 20... h6 21. Red1 (21. Rac1 {feels hotter.} axb5 22. axb5 Ra3 23. Ne2 Re3 24. N2c3) 21... g5 {The position is equal.} 22. fxg5 hxg5 23. Nxg5 (23. Rac1 {is interesting.} axb5 24. axb5 Ra4 25. Nf6 c6 26. Nh7) 23... axb5 24. axb5 Rxa1 25. Rxa1 Rg8 26. Ne4 Rg4 27. Re1 Nf7 28. Nf3 Rg8 29. Ra1 Rg4 30. Re1 Rg8 31. Ra1 {Weighted Error Value: White=0.10/Black=0.06} 1/2-1/2

[Event "Chinese-ch Women 2020"]
[Site "Xinghua"]
[Date "2020.12.21"]
[Round "3.3"]
[White "Yan, Tianqi"]
[Black "Song, Yuxin"]
[Result "1-0"]
[WhiteElo "2207"]
[BlackElo "2290"]
[Annotator "TA"]
[PlyCount "133"]
[EventDate "2020.12.19"]
[EventType "tourn"]
[EventCountry "CHN"]
[SourceTitle "playchess.com"]
[Source "ChessBase"]
[SourceQuality "1"]

{[%evp 12,133,26,17,34,-3,7,10,-10,-17,15,27,32,20,56,52,61,0,0,0,55,55,99,10,10,6,5,6,6,-7,0,0,0,0,24,34,28,29,39,37,69,63,162,168,167,177,229,222,233,230,224,221,214,207,197,131,139,131,222,214,222,222,236,235,232,240,263,255,267,267,267,267,267,222,222,222,261,238,230,227,227,212,222,189,293,175,172,172,174,172,421,432,516,468,664,630,639,629,775,768,787,710,613,588,563,466,5691,5206,29975,29976,29976,29977,29977,29978,29987,29985,29986,29985,29985,29986,29989,29990,29995,29988]} 1. e4 c5 2. Nf3 d6 3. d4 cxd4 4. Nxd4 Nf6 5. Nc3 a6 6. h3 e6 7. g4 d5 {B81: Sicilian Scheveningen: Keres Attack.} 8. Bg5 dxe4 9. Qd2 {[#]} Nbd7 $146 {The position is equal.} ({Predecessor:} 9... Bb4 10. O-O-O Nbd7 11. Nde2 O-O 12. Bg2 Qc7 13. Kb1 Qc4 14. Qc1 Nd5 15. Nxd5 exd5 {1-0 (36) Trubchaninov,A (1837)-Gadimbayli,A (2001) Porto Carras 2013}) 10. O-O-O Be7 11. Bg2 Nc5 12. Nb3 Nxb3+ 13. axb3 Qxd2+ 14. Rxd2 (14. Bxd2 $14 Bd7 15. Nxe4 (15. Bxe4 Nxe4 16. Nxe4 Bc6 $15)) 14... Bd7 15. Bxf6 Bxf6 (15... gxf6 $11 16. Rhd1 (16. Bxe4 f5 $11) (16. Nxe4 Bc6 $11) 16... O-O-O) 16. Nxe4 $14 Be5 17. Kb1 ({Better is} 17. Nd6+ $1 $16 Ke7 18. Nxf7 $1 {[%mdl 576] Double Attack}) 17... Bc6 $11 18. Nd6+ {[%mdl 64] Double Attack} Ke7 $132 {[%mdl 2048] Black is not holding back} 19. Bxc6 bxc6 20. Rhd1 Rhd8 {[%cal Re5d6]} 21. Nb7 Rd5 22. b4 Rb8 23. Na5 Kd7 24. c3 Kc7 25. Kc2 Bf4 26. Rd4 Rbd8 ({Black should play} 26... Rxd4 $14 27. Rxd4 g5) 27. Nxc6 $1 $18 Kxc6 28. Rc4+ Kb5 (28... Kb6 {was called for.} 29. Rxd5 Rxd5 30. Rxf4 f6) 29. Rxd5+ Rxd5 30. Rxf4 {[%mdl 4096] Endgame Black must now prevent c4+. KR-KR} Rd7 31. Rf3 Rc7 32. Rd3 Rc4 {[#]} 33. b3 (33. Kd2 $1 $18) 33... Rf4 $16 34. f3 g5 (34... Rf6 $16 {might work better.} 35. Kd2 Kc6) 35. Kd2 $18 Rf6 36. Ke3 Rh6 37. Rd7 Rf6 38. Rd8 Rg6 39. Rf8 Rf6 40. Rg8 h6 41. Rc8 Kb6 42. Rc5 Rg6 43. Re5 Rf6 44. c4 Rg6 45. Ra5 Rg8 46. c5+ Kb7 47. Ra2 Rb8 (47... h5 $142 48. Rd2 (48. gxh5 Rh8 $16) 48... hxg4) 48. Rd2 (48. Kd3 $142) 48... Kc7 49. Rd4 a5 {[#]} 50. Kd3 $1 ({But not} 50. bxa5 $6 Rxb3+ 51. Rd3 Rb5 $16) 50... axb4 $2 (50... e5 {is a better defense.} 51. Re4 Kc6) 51. Kc4 h5 52. gxh5 Rh8 (52... f5 $142 53. h4 e5) 53. h4 Rxh5 54. hxg5 Rxg5 55. Kxb4 e5 56. Rd3 Rf5 57. Kb5 Rf6 58. b4 Rf4 (58... Re6 $142 59. Ra3 Kb7) 59. Ra3 f6 60. c6 {White mates.} Kd6 61. Rd3+ {Cut Off at move 61} Kc7 62. Kc5 e4 63. fxe4 Rxe4 64. Rd7+ Kc8 65. Rf7 Rf4 66. b5 Rf5+ 67. Kb6 {Weighted Error Value: White=0.14/Black=0.41} 1-0

[Event "Chinese-ch Women 2020"]
[Site "Xinghua"]
[Date "2020.12.21"]
[Round "3.4"]
[White "Hu, Yu A."]
[Black "Xiao, Yiyi"]
[Result "0-1"]
[WhiteElo "2094"]
[BlackElo "2301"]
[Annotator "TA"]
[PlyCount "94"]
[EventDate "2020.12.19"]
[EventType "tourn"]
[EventCountry "CHN"]
[SourceTitle "playchess.com"]
[Source "ChessBase"]
[SourceQuality "1"]

{[%evp 13,94,14,31,33,53,20,24,12,27,4,18,-20,16,-22,-8,-72,-55,-56,-58,-90,-61,-60,-52,-109,-46,-66,-66,-107,-97,-89,-64,-67,-58,-48,-45,-118,-120,-141,-129,-127,-145,-250,-246,-321,-319,-411,-411,-409,-393,-406,-404,-400,-393,-477,-480,-495,-483,-568,-559,-563,-549,-739,-728,-700,-706,-693,-683,-601,-560,-4833,-4308,-2412,-2060,-2631,-2046,-29983,-29984,-29985,-29986,-29989,-29987,-29992,-29993]} 1. e4 Nf6 2. Nc3 d5 3. exd5 Nxd5 4. Bc4 c6 5. Qf3 e6 6. Nge2 Nd7 7. d4 Qf6 8. Qg3 {B02: Alekhine's Defence: Chase Variation and lines with early Nc3.} Qg6 9. O-O Qxg3 ({Wrong is} 9... Qxc2 $2 10. Bd3 $18) 10. hxg3 {White has an edge.} Be7 {[#]} 11. Bd2 $146 ({Predecessor:} 11. Re1 N7b6 12. Bb3 O-O 13. Nf4 Bf6 14. Nce2 g6 15. Nd3 Nd7 16. c4 Ne7 17. f4 {0-1 (75) Ricci,A (2020)-Ager,J (2231) Arco 2008}) 11... O-O 12. Rae1 a5 13. a4 Nb4 14. Bb3 (14. Rc1 $1 $11) 14... b6 $17 15. Rd1 Ba6 16. Rfe1 Rfd8 17. Nf4 Nf6 18. Be3 (18. Ne4 $15) 18... g5 (18... c5 $17 19. Rd2 c4) 19. Nfe2 h6 20. Na2 Nbd5 21. Bc1 Ra7 22. c4 Nb4 23. Nxb4 Bxb4 24. Rf1 {White is now going downhill.} (24. Bd2 $15) 24... Rad7 25. f4 Ne4 26. fxg5 hxg5 27. Be3 (27. Nc3 $17 {was necessary.} Nxg3 28. Rf3 Bxc3 29. bxc3 Ne2+ 30. Kh2 Nxc1 31. Rxc1) 27... c5 $19 28. Kh2 cxd4 29. Nxd4 Bc5 {[%cal Rc5d4]} 30. Nc6 Rxd1 (30... Bxe3 $2 31. Nxd8 Nd2 32. Rxd2 $19 (32. Rfe1 $2 Bc5 $19)) 31. Bxd1 Rxd1 32. Rxd1 {[#] Bxc5 is the strong threat.} Bxe3 33. Rd8+ Kg7 34. b3 Nc5 35. Ne5 f5 36. Nd7 {and the idea Nxc5 leaves White hopeful.} Nxb3 37. Nxb6 Bxb6 38. Rd6 Bxc4 39. Rxb6 Kf6 40. g4 Ke5 41. Kg3 f4+ 42. Kf2 Kd4 43. g3 e5 44. Rf6 Nc5 {Black mates.} 45. Rd6+ Bd5 46. Rg6 Ne4+ 47. Kg1 f3 {Weighted Error Value: White=0.86/Black=0.08} 0-1

[Event "Chinese-ch Women 2020"]
[Site "Xinghua"]
[Date "2020.12.21"]
[Round "3.5"]
[White "Li, Xueyi"]
[Black "Tan, Zhongyi"]
[Result "1/2-1/2"]
[WhiteElo "2328"]
[BlackElo "2510"]
[Annotator "TA"]
[PlyCount "159"]
[EventDate "2020.12.19"]
[EventType "tourn"]
[EventCountry "CHN"]
[SourceTitle "playchess.com"]
[Source "ChessBase"]
[SourceQuality "1"]

{[%evp 10,159,27,12,32,-32,-29,-22,-22,-39,-37,-81,-45,-54,-64,-46,-50,-53,7,18,0,0,24,31,26,42,30,27,20,31,74,102,141,161,149,123,130,10,9,9,62,10,9,-71,0,0,0,0,14,18,23,8,20,-13,-13,-13,-13,-13,-13,-13,-13,-13,-12,-13,-12,-12,-4,-11,-11,-11,-11,-34,-34,-34,-34,-34,-34,-34,-34,-53,-53,-53,-34,-52,0,0,0,0,0,0,0,0,0,0,0,0,0,0,0,0,0,0,0,0,0,-8,0,0,0,-8,-8,-8,-8,-8,-8,-8,-8,-8,-8,-102,-8,-8,0,-8,-8,-8,-8,-8,0,-8,0,0,0,-8,-8,-8,-8,-8,0,-8,-8,-8,-8,-8,0,-8,0,-8,-8,-8,0,0]} 1. d4 Nf6 2. c4 g6 3. g3 c6 4. Bg2 d5 5. Nf3 Bg7 6. O-O dxc4 {D73: Fianchetto Grünfeld: 5 Nf3 .} 7. Na3 (7. Qc2 $14) 7... b5 $1 $15 8. Ne5 Nd5 9. e4 Nb4 10. Bf4 Nd7 11. Nc2 {[#]} Bxe5 $146 ({Predecessor:} 11... Nxe5 12. Nxb4 Nd3 13. Nxd3 cxd3 14. e5 Qb6 15. Rc1 Bb7 16. Qxd3 O-O 17. Rfd1 Rfd8 {1-0 (32) Xiao,Y (2218)-Lei,T (2444) China 2015}) 12. Nxb4 Bxf4 13. Nxc6 Qc7 (13... Qb6 $1 $15 14. gxf4 Bb7) 14. gxf4 $11 Bb7 (14... Qxc6 $6 15. e5 $16) 15. d5 Qxf4 16. a4 Bxc6 17. dxc6 Ne5 $1 {[%cal Re5g4]} 18. Qc1 $1 {[%cal Rc1f4]} ({Not} 18. axb5 $2 Ng4 $19) 18... Qxc1 19. Rfxc1 Nxc6 {aiming for ...Nd4.} 20. axb5 Nd4 {And now ...Ne2+ would win.} 21. Rxc4 Rd8 22. e5 ({But not} 22. Rxa7 $6 Nxb5 23. Ra5 Nd4 $11) 22... O-O 23. Rxa7 ({Only move:} 23. Bc6 $16) 23... Nxb5 24. Rxe7 Rd1+ 25. Bf1 Nd4 26. Rcc7 (26. Kg2 $11 Nf5 27. Rb7) 26... Nf3+ (26... Ne2+ $17 27. Kg2 Nf4+ 28. Kf3 Ne6) 27. Kg2 Nh4+ 28. Kg1 $1 Nf5 29. Red7 Re1 30. f4 {White wants to play Kf2.} Rb1 31. Rd2 Ne3 {[%csl Ge3][%cal Rb1f1]} 32. Rf2 Rb8 (32... Ra8 $5 33. Rf3 $8 Nxf1 34. Rxf1 Rxb2 $11) 33. Rf3 Nxf1 34. Rxf1 Rxf1+ 35. Kxf1 Rxb2 {[%mdl 4096] Endgame KR-KR} 36. Rc8+ Kg7 37. Rc7 Kf8 38. e6 fxe6 {...h5 is the strong threat.} 39. Rxh7 Rb4 40. Kf2 Rxf4+ 41. Ke3 Rf7 42. Rh8+ Kg7 43. Ra8 Rf5 44. Ke4 Kf6 45. Rf8+ Kg5 46. Rh8 Rf2 ({Black should try} 46... Rc5 $15) 47. h4+ Kg4 48. Rh6 $1 Re2+ {[#]} 49. Kd3 $1 {[%mdl 512]} Rh2 50. Rxg6+ {[%mdl 64] Double Attack} Kf5 51. Rh6 e5 52. Rh8 Rh3+ 53. Ke2 Kf4 54. h5 Rh2+ 55. Kf1 Kf3 {[%cal Rh2h1]} 56. Rf8+ (56. Kg1 {keeps more tension.} Rg2+ 57. Kf1 Rf2+ 58. Kg1 Rg2+) 56... Ke3 57. Ra8 e4 58. Ra3+ Kf4 59. Ke1 Rxh5 60. Rb3 Rh2 61. Ra3 {Cut Off at move 61} Rc2 62. Kd1 Rf2 63. Ke1 Rf3 64. Ra8 {[#]} (64. Ra2 $1 $11) 64... Rb3 ({Black should play} 64... Rh3 $1 $17 65. Kd2 Rh2+ 66. Kd1 Kf3) 65. Rh8 {The position is equal.} Rc3 66. Ke2 Rc2+ 67. Ke1 $1 Kg3 68. Rh7 Kg4 69. Rh8 Kf3 70. Rh3+ Kf4 71. Ra3 Rb2 72. Rc3 Ke5 73. Ra3 (73. Rc5+ {with more complications.} Kd4 74. Ra5 Rh2 75. Ra3 Rg2 76. Rb3) 73... Kd4 74. Rh3 Rb1+ 75. Ke2 Ra1 76. Rg3 Kc4 77. Rh3 Rc1 78. Rg3 Rc2+ 79. Ke1 Rc3 80. Rxc3+ {Weighted Error Value: White=0.12/Black=0.09} 1/2-1/2

[Event "Chinese-ch Women 2020"]
[Site "Xinghua"]
[Date "2020.12.21"]
[Round "3.6"]
[White "Ning, Kaiyu"]
[Black "Gu, Xiaobing"]
[Result "0-1"]
[WhiteElo "2327"]
[BlackElo "2263"]
[Annotator "TA"]
[PlyCount "126"]
[EventDate "2020.12.19"]
[EventType "tourn"]
[EventCountry "CHN"]
[SourceTitle "playchess.com"]
[Source "ChessBase"]
[SourceQuality "1"]

{[%evp 17,126,40,52,25,62,60,87,46,56,56,60,30,32,27,28,27,29,17,26,0,0,0,52,21,18,0,0,0,0,0,0,-56,-59,-60,-57,-55,87,71,116,2,203,15,110,106,111,4,6,0,191,14,0,4,137,143,140,0,0,0,0,0,0,-57,-49,-294,-294,-312,-312,-383,-258,-454,-458,-460,-452,-451,-376,-622,-472,-1380,-225,-220,-213,-218,-183,-225,-189,-278,-235,-235,-163,-175,-170,-157,-129,-167,-129,-134,-129,-136,-127,-469,-550,-538,-492,-1201,-1152,-12845,-12846,-29987,-29988,-29988,-29989]} 1. d4 Nf6 2. c4 c5 3. d5 g6 4. Nc3 Bg7 5. Nf3 d6 6. g3 O-O 7. Bg2 Na6 8. O-O Nc7 9. e4 e5 10. dxe6 {E64: King's Indian: Fianchetto: 6...c5 7 d5.} Bxe6 11. Qd3 Qe7 {[#]} 12. Re1 $146 {White is better.} ({Predecessor:} 12. Bf4 Rfd8 13. Rad1 Nfe8 14. h3 h6 15. Rfe1 Qf8 16. b3 a6 17. a4 f5 18. Bc1 {1-0 (29) Nikolic,P (2485)-Arapovic,V (2370) Sarajevo 1982}) 12... Rfd8 13. Bg5 h6 14. Nd5 Bxd5 15. exd5 Qd7 16. Bd2 b5 17. b3 a5 18. a4 {[%cal Ra4b5]} bxc4 19. bxc4 Nfe8 (19... Rdb8 $11) 20. Ra3 Na6 21. Bxa5 Nb4 22. Bxb4 cxb4 23. Rb3 Bc3 24. Rxc3 (24. Reb1 $1 $11) 24... bxc3 $15 25. Qxc3 Qxa4 26. Nd4 Nc7 (26... Qa3 $15 {stays ahead.} 27. Qd2 Nf6) 27. Nc6 $16 Rf8 28. c5 (28. h4 $1 $16) 28... dxc5 $2 (28... Ne8 $1 $11 {and Black has nothing to worry.}) 29. Qxc5 $2 (29. d6 $1 $18 Ne6 30. Qf6) 29... Na6 (29... Kh7 $11 {remains equal.}) 30. Qc3 $1 {[%mdl 1024] Hoping for d6. White has strong compensation.} Rae8 31. Ne7+ (31. Ra1 $16 Qb5 32. d6) 31... Kh7 $11 32. h4 h5 $2 (32... Qb4 $11 {and Black is okay.} 33. Qxb4 Nxb4) 33. Qf6 $2 (33. Re4 $1 $18 {[%cal Re4a4]} Qd7 34. Qf6) 33... Nc5 34. d6 Qc2 (34... Qa5 $1 $11 35. Re5 Nd7 36. Qxg6+ (36. Rxa5 Nxf6 37. Ra2 Rb8 $17) 36... fxg6 37. Rxa5 Rf6) 35. Bd5 $1 $16 {[%cal Rd5f7]} Nd7 {[#]} 36. Qf3 ({White must play} 36. Qg5 $1 $16 Qd3 37. Kg2) 36... Kg7 $11 37. Bc6 Rd8 $1 38. Qd5 Qc5 {Threatens to win with ...Qxd5.} 39. Qd2 (39. Bb5 $1 $11) 39... Ne5 $36 {[%mdl 2048] Black fights for an advantage.} 40. Qb2 $2 (40. Qg5 $1 $15 Nd3 {[%mdl 64] Double Attack} 41. Qxc5 Nxc5 42. Rd1) 40... f6 $19 {And now ...Nd3 would win.} 41. Qb7 {White threatens Nf5+! and mate.} Kh6 42. Be4 {If White can now play Bxg6 this consolidates a bit.} Rd7 43. Qb1 $2 (43. Qd5 Qxd6 44. Qxd6 Rxd6 45. Re2) 43... f5 44. Bg2 {intending Qb2.} Rxd6 45. Rc1 Qd4 46. Qa2 $2 (46. Nc6 Nxc6 47. Rxc6) 46... Rb8 {...Rb2 is the strong threat.} 47. Rc7 (47. Qa5 $142) 47... Rd7 $2 (47... Qd1+ 48. Bf1 Nf3+ 49. Kg2 Nd2) 48. Rxd7 Qxd7 ({Worse is} 48... Nxd7 {[#]} 49. Qe6 $1 $11 {[%mdl 512]}) 49. Nd5 {With the idea Qd2+.} Qe6 50. Qc2 {White hopes to continue with Qc1+.} Rd8 51. Qb3 (51. Qc1+ $142 Kh7 52. Qc5) 51... Ng4 {( -> ...Qe1+)} 52. Qc3 Rc8 ({And not} 52... Qe2 53. Qc1+ f4 54. Qxf4+ Kh7 55. Qc7+ Kh6 56. Qf4+ Kh7 57. Qc7+ Kh6 58. Qf4+ $11) 53. Qd2+ Kh7 54. Nf4 Qe7 55. Bd5 Qc5 {White must now prevent ...Qc1+.} 56. Kg2 Rd8 {Strongly threatening ...Nf6.} 57. Qa2 Nf6 58. Bf7 $2 {[%mdl 8192]} (58. Bf3 $17 {is tougher.} Qe7 59. Ne6) 58... Qc6+ 59. f3 Qc1 {aiming for ...Rd2+.} 60. Bg8+ ({Much worse is} 60. Bxg6+ Kh6) (60. Ne2 $142 Rd2 61. Qa6) 60... Kh6 61. Qe6 Rd2+ 62. Ne2 {[#]} Ne4 $1 {[%mdl 512]} 63. Qa6 {[#]} (63. fxe4 Rxe2+) 63... Qe1 $1 {Weighted Error Value: White=0.80/Black=0.44} 0-1

[Event "Chinese-ch Women 2020"]
[Site "Xinghua"]
[Date "2020.12.22"]
[Round "4.1"]
[White "Guo, Qi"]
[Black "Gu, Xiaobing"]
[Result "1/2-1/2"]
[WhiteElo "2418"]
[BlackElo "2263"]
[Annotator "TA"]
[PlyCount "106"]
[EventDate "2020.12.19"]
[EventType "tourn"]
[EventCountry "CHN"]
[SourceTitle "playchess.com"]
[Source "ChessBase"]
[SourceQuality "1"]

{[%evp 23,106,39,40,43,39,42,54,56,92,45,35,32,74,75,75,75,107,88,131,92,97,79,88,94,83,100,83,27,27,26,33,41,33,6,66,12,12,12,12,12,12,12,12,12,12,12,16,8,8,8,8,8,8,8,8,8,8,8,12,0,0,0,146,0,0,0,0,0,0,0,0,0,0,0,0,0,0,0,0,0,0,0,0,0,0]} 1. d4 Nf6 2. c4 g6 3. Nc3 Bg7 4. e4 d6 5. Nf3 O-O 6. Be2 e5 7. O-O exd4 8. Nxd4 Re8 9. f3 Nc6 10. Be3 Nh5 11. Qd2 Nxd4 12. Bxd4 Nf4 {[#] And now ...Qg5! would win.} 13. Rf2 {E94: King's Indian: Classical: 6 Be2 e5 7 0-0: Various Black 7th moves.} Bxd4 14. Qxd4 Nxe2+ 15. Rxe2 {White is slightly better.} Be6 {[#]} 16. Nd5 $146 ({Predecessor:} 16. Rd1 c6 17. b3 {½-½ (17) Savina,A (2378)-Sandu,M (2261) Riga 2017}) 16... Bxd5 17. cxd5 Qg5 18. Rc2 Re7 19. Rac1 Rc8 20. Qxa7 b6 21. Qa3 f5 22. Qd3 fxe4 23. fxe4 Rf8 24. Rxc7 Qf4 {( -> ...Rxc7)} 25. R7c2 (25. h3 $16) 25... Rxe4 $11 26. Rf1 Qe5 {White must now prevent ...Rxf1+.} 27. Rxf8+ Kxf8 $14 {[%mdl 4096] Endgame KQR-KQR} 28. Rc1 (28. h3 {is more complex.} Kg7 29. Rc7+ Kg8 30. Qf3 Rf4 31. Re7) 28... g5 (28... Kg8 $11) 29. Qc3 (29. h3 $14) 29... Qd4+ $11 30. Qxd4 Rxd4 {KR-KR} 31. Rc6 Rd1+ 32. Kf2 Rd2+ 33. Kf3 Rxb2 34. Rxd6 b5 35. Rb6 h5 36. h3 Ke7 37. a3 Rb3+ 38. Ke4 Rg3 39. Ke5 {Black should prevent Rb7+.} Rxg2 40. Rb7+ Ke8 41. Ke6 {[%cal Rb7b8]} Re2+ 42. Kd6 Ra2 {[#]} (42... Re3 $11 {remains equal.}) 43. Rh7 ({Much weaker is} 43. Rxb5 $6 Rxa3 44. Ke6 Re3+ 45. Kf6 Rxh3 $11) ({White has to play} 43. Re7+ $1 $16 Kf8 44. Re3) 43... h4 {The position is equal.} 44. Re7+ Kd8 45. Re3 Rb2 46. Rf3 {[%cal Rf3f8]} Ke8 47. Kc7 {Threatens to win with Rc3.} Rc2+ 48. Kd6 Rg2 49. Re3+ Kf7 50. Re7+ Kf6 51. Re6+ Kf7 52. Re7+ Kf6 53. Re6+ Kf7 {Weighted Error Value: White=0.13/Black=0.12} 1/2-1/2